Nociones de fisiología celular

Guardat en:
Dades bibliogràfiques
Autors principals: Gimeno, ÁLvaro L (Autor), Gimeno, Martha A. F. de (Autor)
Format: Llibre
Idioma:espanyol
Publicat: Buenos Aires Eudeba 1968
Edició:2a. ed
Matèries:
Etiquetes: Afegir etiqueta
Sense etiquetes, Sigues el primer a etiquetar aquest registre!

MARC

LEADER 00000cam a2200000 a 4500
001 UCG7990
003 CL-VaPUC
008 111104e19681100AG |||||||||||||||||spa|d
082 0 4 |a 571.6  |b GIM  |2 21 
100 |a Gimeno, ÁLvaro L  |e author  |9 558488 
700 0 |a Gimeno, Martha A. F. de  |e author  |9 558489 
245 1 0 |a Nociones de fisiología celular 
250 |a 2a. ed 
300 |a 232 p 
942 |c BK 
945 |d 20111104 00:00:00  |a dcastane 
260 |a Buenos Aires  |b Eudeba  |c 1968 
650 7 |a CELULAS BIOLOGIA  |2 CL-VaPUC  |9 558490 
650 0 |a Fisiología celular   |9 261425 
650 7 |a NUCLEO CELULAR  |2 CL-VaPUC  |9 370183 
650 0 |a Membrana celular  |9 365516 
650 7 |a CITOPLASMA  |2 CL-VaPUC  |9 362210 
583 |a last modification  |c 20111104 14:34:00  |k Rodrigo Vera 
999 |c 345651  |d 345649 
952 |0 0  |1 0  |2 ddc  |4 0  |6 571_600000000000000_GIM_1968  |7 0  |8 A  |9 444619  |a BIBCUR  |b BIBCUR  |c PAC  |d 2019-11-22  |i 4793773  |o 571.6 GIM 1968  |p 4793773  |r 2025-04-22  |w 2019-11-22  |y BK  |k BCB